| 000 | 01207nam a22003497a 4500 | ||
|---|---|---|---|
| 003 | CHAP | ||
| 005 | 20220329140337.0 | ||
| 008 | 971013s1973 r 00010 d | ||
| 010 | _a50710 | ||
| 011 | _a51682 | ||
| 035 | _a55832 | ||
| 040 | _cCHAP | ||
| 090 | _aTesis | ||
| 100 | 0 | 0 |
_aRodríguez Garza, Víctor Miguel. _998531 |
| 245 | _aPrimeros dos ciclos de selección masal modificada para la formación de sintéticos en un variedad criolla de maíz (Zea mays L.) | ||
| 260 |
_aMonterrey, N. L. : _bel autor, _c1973 |
||
| 300 | _a42 h. | ||
| 502 | _aTesis (Ing. Agr.) -- Universidad Autónoma de Nuevo León. Facultad de Agronomía | ||
| 590 |
_aALEPH _b10 _c20130110 _lUCH01 _h1325 |
||
| 590 |
_aBATCH-UPD _b10 _c20130110 _lUCH01 _h1720 |
||
| 590 |
_aBATCH-UPD _b10 _c20130410 _lUCH01 _h1104 |
||
| 590 |
_aBATCH-UPD _b10 _c20130914 _lUCH01 _h1752 |
||
| 590 |
_aCONVERSION _b10 _c20130109 _lUCH01 _h1328 |
||
| 650 | 1 | 4 |
_aMaíz _xGenética. _970963 |
| 650 | 1 | 4 |
_aMaíz _xMejoramiento. _971006 |
| 650 | 1 | 4 |
_aMaíz _xSelección masal. _971058 |
| 650 | 1 | 4 |
_aMaíz _xVariedades. _971081 |
| 650 | 1 | 4 |
_aSelección masal. _9103779 |
| 901 | _aBK | ||
| 942 | _cTESIS | ||
| 949 |
_bBC _cTES _d-122290 _eTS1 _i55832 _si |
||
| 999 |
_c50710 _d50710 |
||